| 000 | 00480nam a2200217Ia 4500 | ||
|---|---|---|---|
| 003 | OSt | ||
| 005 | 20220912144002.0 | ||
| 006 | a|||||r|||| 00| 0 | ||
| 007 | ta | ||
| 008 | 220909b |||||||| |||| 00| 0 eng d | ||
| 024 | _a198431 | ||
| 037 | _cTextual | ||
| 040 | _beng | ||
| 041 | _aeng | ||
| 082 | _aI23, L3 | ||
| 100 | _aingold ct | ||
| 245 | 0 | _aThe biology of fungi | |
| 300 |
_ap. _ccm |
||
| 942 |
_hI23, L3 _cTEXL _2CC |
||
| 999 |
_c123 _d123 |
||